002890000a220007300045001000036000002450084000363000056001207730039001761 aGroothuis, Douglas R. (1957 - )10aChristian scholarship and the philosophical analysis of cyberspace technologies aVol. 41, Num 4 (Diciembre, 1998), Páginas 631-6400 tJournal of the Theological Society